Logo CIB grande

PRINCIPIOS DE FINANZAS CORPORATIVAS (Registro nro. 195434)

Detalles MARC
000 -LEADER
campo de control de longitud fija 00738nam a2200289Ia 4500
005 - FECHA Y HORA DE LA ÚLTIMA TRANSACCIÓN
campo de control 20250425160742.0
008 - DATOS DE LONGITUD FIJA--INFORMACIÓN GENERAL
campo de control de longitud fija 250425s9999 xx 000 0 und d
020 ## - NÚMERO INTERNACIONAL ESTÁNDAR DEL LIBRO
Número Internacional Estándar del Libro 8448100778
041 ## - CÓDIGO DE IDIOMA
Código de lengua del texto/banda sonora o título independiente spa
043 ## - CÓDIGO DE ÁREA GEOGRÁFICA
Código de área geográfica sp
082 ## - NÚMERO DE LA CLASIFICACIÓN DECIMAL DEWEY
Número de clasificación 658.159
010 ## - NÚMERO DE CONTROL DE LA BIBLIOTECA DEL CONGRESO
Número de control de LC 4409
100 ## - ENTRADA PRINCIPAL--NOMBRE DE PERSONA
Nombre de persona BREALEY, RICHARD
245 #0 - MENCIÓN DEL TÍTULO
Título PRINCIPIOS DE FINANZAS CORPORATIVAS
250 ## - MENCION DE EDICION
Mención de edición 4A ED.
260 ## - PUBLICACIÓN, DISTRIBUCIÓN, ETC.
Lugar de publicación, distribución, etc. España
Nombre del editor, distribuidor, etc. MCGRAW HILL
Fecha de publicación, distribución, etc. 1993
260 ## - PUBLICACIÓN, DISTRIBUCIÓN, ETC.
Lugar de publicación, distribución, etc. MADRID
300 ## - DESCRIPCIÓN FÍSICA
Extensión 1203
500 ## - NOTA GENERAL
Nota general Título Traducido: PRINCIPLES OF CORPORATE FINANCE
650 ## - PUNTO DE ACCESO ADICIONAL DE MATERIA--TÉRMINO DE MATERIA
Término de materia o nombre geográfico como elemento de entrada ADMINISTRACION FINANCIERA
650 ## - PUNTO DE ACCESO ADICIONAL DE MATERIA--TÉRMINO DE MATERIA
Término de materia o nombre geográfico como elemento de entrada ANALISIS FINANCIERO
650 ## - PUNTO DE ACCESO ADICIONAL DE MATERIA--TÉRMINO DE MATERIA
Término de materia o nombre geográfico como elemento de entrada FINANZAS
650 ## - PUNTO DE ACCESO ADICIONAL DE MATERIA--TÉRMINO DE MATERIA
Término de materia o nombre geográfico como elemento de entrada FUSIONES
650 ## - PUNTO DE ACCESO ADICIONAL DE MATERIA--TÉRMINO DE MATERIA
Término de materia o nombre geográfico como elemento de entrada PRESUPUESTO
700 ## - ENTRADA AGREGADA--NOMBRE PERSONAL
Nombre de persona ANSOTEGUI OLCOZ, CARMEN
Término indicativo de función/relación traductor
942 ## - ELEMENTOS DE ENTRADA SECUNDARIOS (KOHA)
Tipo de ítem Koha Libros
Existencias
Estatus retirado Estado de pérdida Estado de daño No para préstamo Biblioteca de origen Biblioteca actual Ubicación en estantería Fecha de adquisición Coste, precio normal de compra Total de préstamos Código de barras Copia número Nota pública Tipo de ítem Koha Etiqueta RFID
        CENTRO DE INFORMACIÓN BIBLIOTECARIA CENTRO DE INFORMACIÓN BIBLIOTECARIA   15/06/2004 5.00   D-27196 5   Libros  
        CENTRO DE INFORMACIÓN BIBLIOTECARIA CENTRO DE INFORMACIÓN BIBLIOTECARIA   13/09/2004 14.00   D-19791 4   Libros  
        CENTRO DE INFORMACIÓN BIBLIOTECARIA CENTRO DE INFORMACIÓN BIBLIOTECARIA   15/06/2004 34.00   33195 1   Libros 0000000000000000019178
        CENTRO DE INFORMACIÓN BIBLIOTECARIA CENTRO DE INFORMACIÓN BIBLIOTECARIA   28/06/2004 34.00   33540 2   Libros  
        CENTRO DE INFORMACIÓN BIBLIOTECARIA CENTRO DE INFORMACIÓN BIBLIOTECARIA   23/06/2004 34.00   33576 3   Libros  
        ESCUELA DE NEGOCIOS ESCUELA DE NEGOCIOS   12/07/2001 2.00   CP-00229 6 COMPRA    
        ESCUELA DE NEGOCIOS ESCUELA DE NEGOCIOS   12/07/2001 2.00   CP-00299 7 COMPRA    
        ESCUELA DE NEGOCIOS ESCUELA DE NEGOCIOS   12/07/2001 2.00   CP-00301 8 COMPRA    
        ESCUELA DE NEGOCIOS ESCUELA DE NEGOCIOS   12/07/2001 2.00   CP-00394 9 COMPRA    
        ESCUELA DE NEGOCIOS ESCUELA DE NEGOCIOS   13/07/2001 17.00   D-P 01625 10 DONADO    

Copyright 2025 ESPOL. Todos los derechos reservados.